000 00395nam a22001697a 4500
005 20160618130212.0
008 160618b xxu||||| |||| 00| 0 eng d
020 _a978-0-07-061193-1
041 _aeng
082 _b8152
100 _aVohra, N.D.
_92220
245 _aQuantitative Techniques in Management
260 _bTMH
_c2009
300 _a995
650 _aManagement
_9241
942 _cBK
999 _c3106
_d3105